Report of the technical consultation to review progress and promote the full implementation of the

Wedi'i Gadw mewn:
Manylion Llyfryddiaeth
Fformat: Llyfr
Iaith:Undetermined
Cyhoeddwyd: Rome FAO 2004
Pynciau:
Tagiau: Ychwanegu Tag
Dim Tagiau, Byddwch y cyntaf i dagio'r cofnod hwn!
Thư viện lưu trữ: Trung tâm Học liệu Trường Đại học Cần Thơ
LEADER 00455nam a2200157Ia 4500
001 CTU_94924
008 210402s9999 xx 000 0 und d
082 |a 639.3 
082 |b R425 
245 0 |a Report of the technical consultation to review progress and promote the full implementation of the 
260 |a Rome 
260 |b FAO 
260 |c 2004 
650 |a Fisheries 
904 |i Mai Loan 
980 |a Trung tâm Học liệu Trường Đại học Cần Thơ